World of Warcraft - Races - Statistics

General Stats
  • This quiz has been taken 6 times
  • The average score is 19 of 24
Answer Stats
Hint Answer % Correct
Goblin
100%
Alliance Human
100%
Horde Orc
100%
Blood Elf
80%
Draenei
80%
Dwarf
80%
Gnome
80%
Highmountain Tauren
80%
Kul Tiran
80%
Lightforged Draenei
80%
Mechagnome
80%
Nightborne
80%
Night Elf
80%
Pandaren
80%
Pandaren
80%
Tauren
80%
Troll
80%
Undead
80%
Vulpera
80%
Worgen
80%
Zandalari Troll
80%
Dark Iron Dwarf
60%
Void Elf
60%
Mag'har Orc
60%
No matching quizzes found
Score Distribution
Percent of People with Each Score
Percentile by Number Answered
Your Score History
You have not taken this quiz